[Event "Alpenpokal op 30th"]
[Site "Tiefenbach"]
[Date "2004.??.??"]
[Round "9"]
[White "Pragua, Christoph P"]
[Black "Siegmund, Rainer"]
[Result "1-0"]
[WhiteElo "2059"]
[BlackElo "1960"]
[PlyCount "107"]
[EventDate "2004.01.08"]
[EventType "swiss"]
[EventRounds "9"]
[EventCountry "GER"]
[SourceTitle "EXT 2006"]
[Source "ChessBase"]
[SourceDate "2005.11.24"]
[SourceVersion "1"]
[SourceVersionDate "2005.11.24"]
[SourceQuality "1"]

1. d4 Nf6 2. c4 e6 3. Nc3 Bb4 4. g3 0-0 5. Bg2 d5 6. Nf3 dxc4 7. 0-0 Nd5 8. Qc2 Be7 9. Ne5 Nb6 10. Rd1 f6 11. Be4 f5 12. Bg2 Bf6 13. b3 Bxe5 14. dxe5 Qe7 15. Nb5 c5 16. bxc4 Nc6 17. Bxc6 bxc6 18. Nd6 Rd8 19. Be3 Ba6 20. a4 Rab8 21. Qc3 h6 22. Rdc1 Nd7 23. f4 Rb6 24. a5 Rbb8 25. Qa3 Kh7 26. Bxc5 Nxc5 27. Qxc5 Qc7 28. Rab1 Qd7 29. Kf2 Kg8 30. Rd1 Rxb1 31. Rxb1 Kh7 32. h4 g6 33. Rb3 Rg8 34. e4 Qc7 35. Rb4 h5 36. Rb2 Kh6 37. Ke3 Kh7 38. Kd2 Kh6 39. Kc2 Kh7 40. Rb4 Kh6 41. Kb3 Qd7 42. Ka3 Qc7 43. Ka4 Qd7 44. Rb2 Kh7 45. Ka3 Kh6 46. Rd2 Qc7 47. Rd3 Rb8 48. exf5 gxf5 49. Nxf5+ exf5 50. Rd6+ Kg7 51. e6 Bc8 52. Qe5+ Kg8 53. e7 Bd7 54. Rg6+ 1-0

[Event "Alpenpokal op 29th"]
[Site "Oberstdorf"]
[Date "2003.??.??"]
[Round "2"]
[White "Pragua, Christoph P"]
[Black "Erhart, Uwe"]
[Result "1/2-1/2"]
[WhiteElo "2433"]
[BlackElo "2145"]
[PlyCount "119"]
[EventDate "2003.01.??"]
[EventType "swiss"]
[EventRounds "9"]
[EventCountry "GER"]
[SourceTitle "EXT 2004"]
[Source "ChessBase"]
[SourceDate "2003.11.25"]
[SourceVersion "1"]
[SourceVersionDate "2003.11.25"]
[SourceQuality "1"]

1. d4 Nf6 2. c4 e6 3. Nf3 b6 4. a3 Bb7 5. Nc3 Ne4 6. Qc2 Nxc3 7. Qxc3 Be7 8. Bf4 d6 9. e3 Nd7 10. Be2 Nf6 11. b4 Ne4 12. Qc2 g5 13. Bg3 h5 14. d5 Bf6 15. Rc1 Nxg3 16. hxg3 e5 17. Bd3 a5 18. b5 Bc8 19. Bf5 Ke7 20. Qe4 Bxf5 21. Qxf5 Qg8 22. Nd2 Qg7 23. Ne4 Rag8 24. Ke2 Qg6 25. g4 hxg4 26. Qxg4 Rh7 27. Rxh7 Qxh7 28. Ng3 Rh8 29. e4 Kd8 30. Rh1 Qg6 31. Rxh8+ Bxh8 32. Kf3 Bf6 33. Qh5 Qg8 34. Kg4 Ke8 35. Qh6 Bd8 36. Nh5 Kd7 37. Qg7 Qe8 38. Ng3 Kc8 39. Nf5 Kb8 40. Nh6 f6 41. Ng8 Kb7 42. Nxf6 Bxf6 43. Qxf6 Qg8 44. Qxg5 Qh7 45. Qf5 Qh1 46. Qf3 Qc1 47. Kh5 Qh1+ 48. Kg5 a4 49. Kg4 Qc1 50. g3 Qxc4 51. Kg5 Qb3 52. Qe3 Qxb5 53. g4 Qb3 54. Kf6 b5 55. g5 b4 56. axb4 Qxe3 57. fxe3 a3 58. g6 a2 59. g7 a1Q 60. g8Q 1/2-1/2

[Event "Oberliga NRW 0001 I"]
[Site "NRW"]
[Date "2001.05.06"]
[Round "9.2"]
[White "Pragua, Christoph P"]
[Black "Weritz, Juergen"]
[Result "0-1"]
[WhiteElo "2163"]
[BlackElo "2258"]
[PlyCount "80"]
[EventDate "2000.09.24"]
[EventType "team-tourn"]
[EventRounds "9"]
[EventCountry "GER"]
[SourceTitle "EXT 2006"]
[Source "ChessBase"]
[SourceDate "2005.11.24"]
[SourceVersion "1"]
[SourceVersionDate "2005.11.24"]
[SourceQuality "1"]
[WhiteTeam "Koeln SF II"]
[BlackTeam "Krefeld"]
[WhiteTeamCountry "GER"]
[BlackTeamCountry "GER"]

1. d4 Nf6 2. c4 e6 3. Nc3 d5 4. Bg5 Be7 5. e3 0-0 6. Nf3 h6 7. Bh4 b6 8. Be2 Bb7 9. cxd5 exd5 10. 0-0 Nbd7 11. Qa4 a6 12. b4 c6 13. Qb3 Re8 14. Rfd1 b5 15. a4 Nb6 16. Ne5 Nc4 17. Nd3 Nd7 18. Bg3 Bf6 19. Ra2 g6 20. Bf3 h5 21. h3 Ndb6 22. Nc5 Bc8 23. a5 Nd7 24. e4 Nxc5 25. dxc5 d4 26. e5 Nxe5 27. Bxe5 Rxe5 28. Rad2 Qe8 29. Ne2 Be6 30. Qb1 Bf5 31. Qa2 Rd8 32. Kh2 d3 33. Ng3 Be6 34. Qb1 Bc4 35. Rxd3 Bxd3 36. Rxd3 Re1 37. Rxd8 Bxd8 38. Qd3 Bc7 39. h4 Qe6 40. Qd2 Rb1 0-1

[Event "Oberliga NRW 0001 I"]
[Site "NRW"]
[Date "2001.04.22"]
[Round "8.3"]
[White "Pragua, Christoph P"]
[Black "Rott, Georg"]
[Result "1-0"]
[WhiteElo "2163"]
[BlackElo "2185"]
[PlyCount "169"]
[EventDate "2000.09.24"]
[EventType "team-tourn"]
[EventRounds "9"]
[EventCountry "GER"]
[SourceTitle "EXT 2006"]
[Source "ChessBase"]
[SourceDate "2005.11.24"]
[SourceVersion "1"]
[SourceVersionDate "2005.11.24"]
[SourceQuality "1"]
[WhiteTeam "Koeln SF II"]
[BlackTeam "Muenster II"]
[WhiteTeamCountry "GER"]
[BlackTeamCountry "GER"]

1. d4 Nf6 2. Bg5 Ne4 3. Bf4 c5 4. f3 Nf6 5. d5 Qb6 6. Bc1 e6 7. e4 exd5 8. exd5 Bd6 9. Ne2 0-0 10. Na3 Qb4+ 11. c3 Qh4+ 12. g3 Qh5 13. Bf4 Qxf3 14. Bxd6 Ne4 15. Qc2 Qf2+ 16. Kd1 Nxd6 17. Qd3 Re8 18. Kd2 Ne4+ 19. Kc1 d6 20. Nc2 Nf6 21. c4 Bf5 22. Qd2 Be4 23. Rg1 Bg6 24. Rh1 Bxc2 25. Kxc2 Na6 26. a3 Qf3 27. Rg1 Re3 28. Nc3 Rae8 29. Bd3 Nb4+ 30. axb4 cxb4 31. Rgf1 bxc3 32. Rxf3 cxd2 33. Rxe3 d1Q+ 34. Kxd1 Rxe3 35. Rxa7 g6 36. Kd2 Re7 37. b4 h5 38. Kc3 Rc7 39. Kd4 Nd7 40. h3 f5 41. Bc2 Kf7 42. Ba4 Nb6 43. Bb3 Nc8 44. Ra8 b6 45. h4 Kf6 46. Ba4 g5 47. Be8 gxh4 48. gxh4 f4 49. Bxh5 Ne7 50. Rf8+ Kg7 51. Rxf4 Kh6 52. Be8 Nc8 53. Rf7 Re7 54. Rxe7 Nxe7 55. Ke4 Kg7 56. Kf4 Kf6 57. Ke4 Nf5 58. h5 Ng3+ 59. Kf4 Nf5 60. Ba4 Nh6 61. Bc2 Nf7 62. Bd3 Ne5 63. Be2 Nf7 64. Bf1 Nh6 65. Bg2 Nf7 66. Be4 Ne5 67. h6 Nxc4 68. h7 Kg7 69. Kf5 Kxh7 70. Ke6+ Kg7 71. b5 Kf8 72. Bg6 Ne5 73. Bh5 Nc4 74. Be2 Ne3 75. Kxd6 Ke8 76. Kc6 Kd8 77. d6 Nf5 78. Bg4 Nd4+ 79. Kxb6 Nb3 80. Ka6 Nc5+ 81. Kb6 Nb3 82. Kc6 Na5+ 83. Kd5 Nb7 84. b6 Na5 85. Be2 1-0